| Tag |
First Indicator |
Second Indicator |
Subfields |
| LEADER |
00000cam a2200000 a 4500 |
| 001 |
in00001406434 |
| 005 |
20151020072700.0 |
| 008 |
970624s1998 mdub b 001 0 eng |
| 010 |
|
|
|a 97026354
|
| 020 |
|
|
|a 0847686361 (cloth : alk. paper)
|
| 020 |
|
|
|a 084768637X (pbk. : alk. paper)
|
| 035 |
|
|
|a (OCoLC)37260963
|
| 035 |
|
|
|9 AHQ3369AM
|
| 040 |
|
|
|a DLC
|c DLC
|d C#P
|d NLM
|d TXA
|d UtOrBLW
|
| 049 |
|
|
|a TXAM
|
| 050 |
0 |
0 |
|a RG133.5
|b .L83 1998
|
| 060 |
0 |
0 |
|a 1998 A-659
|
| 060 |
1 |
0 |
|a WQ 208
|b L929p 1998
|
| 069 |
0 |
|
|a 9802110
|
| 082 |
0 |
0 |
|a 176
|2 21
|
| 100 |
1 |
|
|a Lublin, Nancy,
|d 1971-
|
| 245 |
1 |
0 |
|a Pandora's box :
|b feminism confronts reproductive technology /
|c Nancy Lublin.
|
| 264 |
|
1 |
|a Lanham, Md. :
|b Rowman & Littlefield Publishers,
|c [1998]
|
| 264 |
|
4 |
|c ©1998
|
| 300 |
|
|
|a xvii, 189 pages :
|b map ;
|c 24 cm.
|
| 336 |
|
|
|a text
|b txt
|2 rdacontent
|
| 337 |
|
|
|a unmediated
|b n
|2 rdamedia
|
| 338 |
|
|
|a volume
|b nc
|2 rdacarrier
|
| 490 |
1 |
|
|a New feminist perspectives series
|
| 504 |
|
|
|a Includes bibliographical references (pages 171-182) and index.
|
| 650 |
|
0 |
|a Human reproductive technology
|x Social aspects.
|
| 650 |
|
0 |
|a Feminism.
|
| 650 |
1 |
2 |
|a Reproductive Techniques.
|
| 650 |
2 |
2 |
|a Feminism.
|
| 830 |
|
0 |
|a New feminist perspectives series.
|
| 948 |
|
|
|a c:en
|
| 999 |
|
|
|a MARS
|
| 999 |
f |
f |
|s f420efb6-e045-306d-991c-9be6dde4279d
|i c6e56617-bb7e-3c51-9885-289abdb2d1c1
|t 0
|
| 952 |
f |
f |
|p ric
|a Texas A&M University
|b Rellis Campus
|c Joint Library Facility
|d Remote Storage
|t 0
|e RG133.5 .L83 1998
|h Library of Congress classification
|i unmediated -- volume
|m A14822483140
|
| 998 |
f |
f |
|a RG133.5 .L83 1998
|t 0
|l Remote Storage
|